00405 2200145 4500001002100000005001500021035002000036245006800056100005100124300001100175260003900186082000800225084001400233990001200247INLIS00000000000162420250425102004 a0010-04250000401 aAkidah Akhlak /cTIM Direktorat Jendral Kelembagaan Agama Islam0 aTIM Direktorat Jendral Kelembagaan Agama Islam a94 hlm aJakarta :bDepartemen Agama,c2004 a2X0 a2X0 TIM a a0754707